000 00705nam a2200217 i 4500
001 88184
003 ES-MaACL
005 20230906175821.0
007 t|
008 050103q19001999gw ||||1| ger d
100 1 _aBallester, Rafael.
_925006
245 1 0 _aHistoria de España /
_cpor Rafael Ballester ; bearbeitete von Ludwig Lahaine.
260 _aBielefeld ;
_aLeipzig :
_bVelhagen und Klasing,
_c[19--?]
300 _a51 p. ;
_c19 cm.
490 1 _aSamlung spanischer Schulausgaben
500 _aPrecede al tít.: Wörterbuch zu Band 15.
700 1 _aLahaine, Ludwig.
_969633
830 0 _aSamlung spanischer Schulausgaben
_9231824
852 _aES-MaACL
_j1955-F-6
999 _c88184
_d88184